[Event "21st Alekhine FIDE 2017"]
[Site "Voronezh"]
[Date "2017.06.14"]
[Round "3"]
[White "Kholodov, Vladimir"]
[Black "Kozlov, Sergej A"]
[Result "0-1"]
[WhiteElo "1986"]
[BlackElo "2072"]
[Annotator "NA"]
[PlyCount "110"]
[EventDate "2017.??.??"]
[EventType "swiss"]
[EventCountry "RUS"]
[SourceTitle "playchess.com"]
[Source "ChessBase"]
[SourceQuality "1"]
[TimeControl "40/5400+30:1800+30"]

{[%evp 8,110,42,38,52,35,31,15,52,32767,32767,-18,10,32767,32767,32767,115,83,127,70,79,69,83,78,87,94,83,92,93,44,60,46,57,58,40,50,101,117,102,58,56,0,29,40,55,-88,-95,-123,-113,-120,-130,-137,-139,-159,-136,-150,-171,-185,-141,-169,-189,-192,-195,-229,-203,-337,-262,-253,-218,-269,-337,-288,-279,-404,-441,-450,-526,-486,-558,-500,-597,-492,32767,-538,-848,-728,-1744,-1490,-1192,-1144,-2083,-1088,-1822,-1074,-1312,-5129,-1708,-6091,-1756,-5724,-6152,-12845,-29979,-29978,-12846]} 1. e4 {[%emt 0:04:09]} e6 {[%emt 0:00:04]} 2. d4 {[%emt 0:00:47]} d5 {[%emt 0:00:05]} 3. Nd2 {[%emt 0:00:18]} Nc6 {[%emt 0:00:15]} 4. Ngf3 {[%emt 0:00:05]} Nf6 {[%emt 0:00:05]} 5. e5 {[%emt 0:00:07]} Nd7 $1 {[%emt 0:00:10]} 6. c3 {[%emt 0:00:06]} f6 {[%emt 0:00:18]} 7. exf6 {[%emt 0:00:30]} Qxf6 {[%emt 0:00:05]} 8. Bb5 {[%emt 0:00:05]} Bd6 {[%emt 0:02:13]} 9. O-O {[%emt 0:00:18]} O-O {[%emt 0:00:26] LiveBook: 18 Games} 10. Re1 {[%emt 0:01:01] C04: French Tarrasch: 3...Nc6} (10. Nb3 e5 11. c4 Nxd4 12. Nbxd4 exd4 13. cxd5 Ne5 14. Nxd4 Ng4 15. Nf3 Bc5 16. d6 cxd6 17. Qb3+ Kh8 18. Be3 {0-1 (47) Starostits,I (2415)-Lugovskoy,M (2431) Panevezys 2015}) 10... Ne7 {[%emt 0:15:05]} 11. Qe2 {[%emt 0:06:46]} Nb6 $146 {[%emt 0:02:05]} ({Predecessor:} 11... c6 12. Bd3 Nb6 13. Ne5 Bxe5 14. dxe5 Qf7 15. Nf3 h6 16. Nd4 Bd7 17. f4 c5 {1-0 (37) Erneste,I (2149)-Scheuermann,B (2229) Radebeul 2016}) 12. Ne5 {[%emt 0:02:07]} Ng6 {[%emt 0:04:14]} (12... Bxe5 $14 13. dxe5 Qf7) 13. Ndf3 {[%emt 0:02:36]} Bxe5 {[%emt 0:04:25]} 14. Nxe5 {[%emt 0:01:27]} Nxe5 {[%emt 0:07:03]} 15. dxe5 {[%emt 0:00:19]} Qh4 {[%emt 0:01:45]} 16. b3 {[%emt 0:02:20]} Bd7 {[%emt 0:02:36]} 17. Bd3 {[%emt 0:01:06]} Be8 {[%emt 0:01:57]} 18. Qe3 {[%emt 0:04:19]} Bg6 {[%emt 0:04:52]} 19. Ba3 {[%emt 0:12:07]} Rf7 {[%emt 0:02:10]} 20. Bxg6 {[%emt 0:01:45]} hxg6 {[%emt 0:00:06]} 21. Rad1 {[%emt 0:00:24]} Nd7 {[%emt 0:03:40]} 22. Rd4 {[%emt 0:00:32]} Qh5 {[%emt 0:00:42]} 23. Qg3 {[%emt 0:00:21]} Rf5 {[%emt 0:02:28]} 24. Rh4 {[%emt 0:00:15]} (24. Rg4 $5 {[%cal Rg4g6]} Rxe5 25. Rf1 $14) 24... Rxe5 {[%emt 0:01:58]} 25. Rf1 {[%emt 0:00:36]} Qf5 {[%emt 0:09:19]} 26. Rg4 {[%emt 0:00:45] [#]} (26. Rf4 $11 {keeps the balance.} Qc2 27. Rg4) 26... Nf6 $1 {[%emt 0:13:11]} 27. Rxg6 {[%emt 0:03:16]} Nh5 {[%emt 0:01:41]} 28. Qg4 {[%emt 0:00:39]} Kf7 {[%emt 0:02:27]} 29. Qxf5+ {[%emt 0:00:17]} exf5 {[%emt 0:01:12]} 30. Rg5 {[%emt 0:00:36]} Nf4 {[%emt 0:01:27]} 31. Bc5 {[%emt 0:01:54]} Kf6 {[%emt 0:03:04]} 32. Bd4 {[%emt 0:03:02]} Ne2+ {[%emt 0:00:44]} 33. Kh1 {[%emt 0:00:07]} Nxd4 {[%emt 0:00:06]} 34. cxd4 {[%emt 0:00:10]} Re2 {[%emt 0:00:16]} ({Not} 34... Kxg5 35. f4+ Kf6 36. dxe5+ Ke6 37. Rc1 $15) 35. f4 {[%emt 0:02:05]} Rxa2 {[%emt 0:00:08]} 36. Re1 $2 {[%emt 0:01:00]} (36. h4 {was the only chance.}) 36... Rd2 {[%emt 0:00:15]} 37. g4 {[%emt 0:00:24]} fxg4 {[%emt 0:01:06]} ({Inferior is} 37... Rxd4 38. Rxf5+ Kg6 39. Re6+ Kh7 40. Re7 $11) 38. Ree5 {[%emt 0:01:21]} g6 {[%emt 0:01:47]} ({Weaker is} 38... Rxd4 39. Rgf5+ Kg6 40. Kg2 $17) 39. Rxg4 {[%emt 0:01:03]} Rh8 {[%emt 0:00:47]} 40. h4 $2 {[%emt 0:00:24]} (40. Rxd5 Rhxh2+ 41. Kg1) 40... Rxd4 {[%emt 0:30:16]} 41. Kg2 {[%emt 0:30:45] [#]} Rxf4 $1 {[%emt 0:00:53]} 42. Rxf4+ {[%emt 0:00:16]} Kxe5 {[%emt 0:00:04]} 43. Rf7 {[%emt 0:00:07]} Rxh4 {[%emt 0:00:19]} 44. Rxc7 {[%emt 0:00:07]} Rb4 {[%emt 0:00:06]} 45. Rc3 {[%emt 0:00:31]} g5 {[%emt 0:00:39]} 46. Rg3 {[%emt 0:00:06]} g4 {[%emt 0:00:04]} 47. Kf2 {[%emt 0:00:35]} b5 {[%emt 0:00:33]} 48. Ke2 {[%emt 0:00:09]} Kf4 {[%emt 0:00:30]} 49. Rd3 {[%emt 0:00:06]} Re4+ {[%emt 0:00:33]} 50. Kf2 {[%emt 0:00:39]} d4 {[%emt 0:00:06]} 51. Rd2 {[%emt 0:00:18]} Ke5 {[%emt 0:00:23]} (51... g3+ $142 52. Kf1 Ke3 53. Rd1 d3 54. Kg1 Ke2 55. Rf1 d2 56. Kg2 d1=Q 57. Rxd1 Kxd1 58. Kf3 Rb4 59. Kg2 Ke2 60. Kh3 g2 61. Kxg2 Rxb3 62. Kh1 Kf2 63. Kh2 Re3 64. Kh1 Rh3#) 52. Ra2 {[%emt 0:00:28]} Re3 {[%emt 0:00:09]} 53. b4 {[%emt 0:00:08]} Kd5 $19 {[%emt 0:01:13]} (53... g3+ $142 54. Kg2 Kf4 55. Rxa7 Re2+ 56. Kf1 d3 57. Rf7+ Ke4 58. Re7+ Kf5 59. Rd7 g2+ 60. Kg1 d2 61. Kh2 Re1 62. Kxg2 d1=Q 63. Rxd1 Rxd1 64. Kf3 Rd3+ 65. Ke2 Ke4 66. Kf2 Kf4 67. Ke2 Rd8 68. Kf2 Rd2+ 69. Ke1 Ke3 70. Kf1 Kf3 71. Kg1 Rd1+ 72. Kh2 Rc1 73. Kh3 Rh1#) 54. Rxa7 {[%emt 0:00:32]} Kc4 {[%emt 0:00:06]} 55. Rd7 {[%emt 0:01:44]} Re4 {[%emt 0:00:14]} 0-1

[Event "21st Alekhine FIDE 2017"]
[Site "Voronezh"]
[Date "2017.06.14"]
[Round "3"]
[White "Gulko, Oleg"]
[Black "Palin, Denis"]
[Result "0-1"]
[WhiteElo "1956"]
[BlackElo "2158"]
[Annotator "ChessBase"]
[PlyCount "78"]
[EventDate "2017.??.??"]
[EventType "swiss"]
[EventCountry "RUS"]
[SourceTitle "playchess.com"]
[Source "ChessBase"]
[SourceQuality "1"]
[TimeControl "40/5400+30:1800+30"]

1. d4 {[%emt 0:04:44]} e6 {[%emt 0:03:11]} 2. c4 {[%emt 0:00:06]} d5 {[%emt 0:00:03]} 3. Nc3 {[%emt 0:00:06]} c5 {[%emt 0:00:02]} 4. Nf3 {[%emt 0:00:29]} Nc6 {[%emt 0:00:05]} 5. e3 {[%emt 0:01:04]} Nf6 {[%emt 0:00:05]} 6. Bd3 {[%emt 0:00:26]} Be7 {[%emt 0:02:43]} 7. O-O {[%emt 0:00:15]} dxc4 {[%emt 0:01:59]} 8. Bxc4 {[%emt 0:00:11]} cxd4 {[%emt 0:00:04]} 9. exd4 {[%emt 0:00:29]} O-O {[%emt 0:00:18]} 10. Re1 {[%emt 0:00:48]} a6 {[%emt 0:01:37]} 11. a3 {[%emt 0:02:12]} b5 {[%emt 0:02:04]} 12. Ba2 {[%emt 0:00:09]} Qb6 {[%emt 0:04:51]} 13. Be3 {[%emt 0:17:38]} Ng4 {[%emt 0:03:07]} 14. d5 {[%emt 0:01:33]} Nxe3 {[%emt 0:00:05]} 15. Rxe3 {[%emt 0:00:26]} Na5 {[%emt 0:09:59]} 16. dxe6 {[%emt 0:02:06]} Bxe6 {[%emt 0:02:52]} 17. Bxe6 {[%emt 0:00:29]} fxe6 {[%emt 0:00:01]} 18. Qd7 {[%emt 0:00:49]} Ra7 {[%emt 0:02:47]} 19. Qxe6+ {[%emt 0:01:59]} Qxe6 {[%emt 0:00:06]} 20. Rxe6 {[%emt 0:00:08]} Bf6 {[%emt 0:01:23]} 21. Ne5 {[%emt 0:04:37]} Nc4 {[%emt 0:09:08]} 22. Nxc4 {[%emt 0:01:23]} bxc4 {[%emt 0:00:02]} 23. Rc6 {[%emt 0:05:17]} Rb7 {[%emt 0:01:19]} 24. Nd1 {[%emt 0:03:17]} Bxb2 {[%emt 0:02:02]} 25. Rb1 {[%emt 0:01:19]} Rfb8 {[%emt 0:03:07]} 26. Rxb2 {[%emt 0:05:34]} Rxb2 {[%emt 0:01:27]} 27. Nxb2 {[%emt 0:00:06]} Rxb2 {[%emt 0:00:02]} 28. Kf1 {[%emt 0:01:31]} Ra2 {[%emt 0:01:09]} 29. Rxa6 {[%emt 0:03:39]} c3 {[%emt 0:00:01]} 30. Rc6 {[%emt 0:00:18]} Rxa3 {[%emt 0:01:58]} 31. Rc7 {[%emt 0:01:33]} h6 {[%emt 0:01:55]} 32. Ke2 {[%emt 0:03:04]} Ra2+ {[%emt 0:00:33]} 33. Ke3 {[%emt 0:00:10]} c2 {[%emt 0:07:39]} 34. h4 {[%emt 0:05:00]} Kh7 {[%emt 0:10:18]} 35. h5 {[%emt 0:02:57]} Kg8 {[%emt 0:00:08]} 36. g4 {[%emt 0:01:08]} Kf8 {[%emt 0:00:32]} 37. f4 {[%emt 0:03:08]} Ra3+ {[%emt 0:03:37]} 38. Ke4 {[%emt 0:12:08]} Ra2 {[%emt 0:02:17]} 39. Rc4 {[%emt 0:08:09]} Ra4 {[%emt 0:00:20]} 0-1

[Event "21st Alekhine FIDE 2017"]
[Site "Voronezh"]
[Date "2017.06.14"]
[Round "3"]
[White "Filippov, Vladimir"]
[Black "Novikov, Sergey D"]
[Result "1/2-1/2"]
[WhiteElo "1882"]
[BlackElo "2061"]
[Annotator "NA RC"]
[PlyCount "120"]
[EventDate "2017.??.??"]
[EventType "swiss"]
[EventCountry "RUS"]
[SourceTitle "playchess.com"]
[Source "ChessBase"]
[SourceQuality "1"]
[TimeControl "40/5400+30:1800+30"]

{[%evp 8,120,12,-6,32767,32767,32767,29,54,32767,32767,32767,-4,-15,-11,-9,-6,-7,0,-22,-15,-30,-33,-34,-27,-25,-33,-36,11,47,17,0,5,1,24,17,21,23,17,24,26,14,8,1,10,9,24,19,30,0,0,0,0,0,0,-11,7,32767,0,-4,0,0,0,-22,0,-19,-14,-14,0,0,0,0,0,32767,32767,32767,32767,0,0,0,0,0,0,0,0,0,0,0,0,0,0,0,0,0,0,0,0,0,0,0,0,0,24,5,32767,24,24,5,15,24,5,22,15,0,24]} 1. Nf3 Nf6 2. b3 g6 3. Bb2 Bg7 4. c4 O-O 5. g3 {LiveBook: 754 Games} c5 6. Bg2 Nc6 7. O-O b6 8. d3 Bb7 9. Nbd2 {A30: Symmetrical English: Double Fianchetto and Hedgehog} e6 (9... d5 10. cxd5 Nxd5 11. Bxg7 Kxg7 12. a3 Rb8 13. e3 e6 14. Qc2 Qe7 15. Rac1 Rfd8 16. Rfd1 f6 17. Qb2 e5 {1-0 (52) Grigoriants,S (2570)-Kovalenko,I (2653) Wroclaw 2014}) 10. Ne5 d5 11. Nxc6 $146 ({Predecessor:} 11. Ndf3 Qd6 12. Nxc6 Bxc6 13. Ne5 Bb7 14. Rb1 Rad8 15. a3 Ba8 16. cxd5 exd5 17. b4 Rfe8 {0-1 (34) Kosyachenko,O-Zingaylo,A Lvov 2007}) 11... Bxc6 12. Nf3 Qe7 13. Qc2 Rfd8 14. Rfe1 (14. Ne5 $5 {[%cal Re5c6]} Bb7 15. e3 $11) 14... d4 15. b4 Ne8 16. b5 Bb7 17. a4 Qc7 18. a5 Rab8 19. axb6 axb6 20. Ra7 Nd6 21. Nd2 Ra8 22. Rea1 Rxa7 23. Rxa7 Rb8 24. Bxb7 Rxb7 25. Ra8+ Rb8 26. Qa4 Rxa8 (26... Qd8 $5 {[%cal Rb8a8]} 27. Ra7 e5 $11) 27. Qxa8+ Qc8 28. Qa1 e5 29. Qa7 Qb7 30. Qxb7 Nxb7 31. Bc1 Kf8 32. Nb3 Ke7 33. Kg2 Ke6 34. f3 f5 35. Bg5 h6 36. Bc1 Nd6 37. h3 g5 38. g4 Kf6 39. Ba3 Nb7 40. gxf5 Kxf5 41. Nd2 Nd6 42. Ne4 Nxe4 43. fxe4+ Kg6 44. Bc1 Bf6 45. Bd2 Bd8 46. Kf3 h5 47. Be1 Be7 48. Bg3 Kf6 49. Bf2 Kg6 50. Be1 Bd8 51. Bd2 Be7 52. Be1 Bd8 53. Bf2 Be7 54. e3 dxe3 55. Bxe3 Bd8 56. Bd2 Be7 57. Be1 Bd8 58. Bg3 Kf6 59. Bh2 Be7 60. Bg3 Ke6 $11 1/2-1/2

[Event "21st Alekhine FIDE 2017"]
[Site "Voronezh"]
[Date "2017.06.14"]
[Round "3"]
[White "Natarov, Ilya"]
[Black "Gitelson, Arkady"]
[Result "1-0"]
[WhiteElo "1881"]
[BlackElo "2120"]
[Annotator "TA"]
[PlyCount "81"]
[EventDate "2017.??.??"]
[EventType "swiss"]
[EventCountry "RUS"]
[SourceTitle "playchess.com"]
[Source "ChessBase"]
[SourceQuality "1"]

{[%evp 11,81,77,77,81,75,71,61,57,98,102,166,162,145,160,191,123,104,69,64,79,106,39,39,40,148,47,128,125,175,170,170,78,79,60,111,106,160,162,233,228,592,586,562,513,595,577,569,561,533,275,2785,2745,2542,413,589,620,5143,1152,5643,519,483,431,399,396,1170,1166,1161,1129,1123,1134,1062,1051]} 1. d4 {[%cal Bd2d4,Bd4e5][%mdl 32]} Nf6 2. c4 e5 3. dxe5 Ng4 4. Bf4 g5 5. Bg3 Bg7 6. Nf3 Nc6 {[%cal Rg4e5]} 7. e3 {A52: Budapest Gambit} (7. h4 Ngxe5 8. hxg5 Nxf3+ 9. gxf3 Bxb2 10. Nd2 Qxg5 11. Bxc7 d6 12. Ne4 Bxa1 13. Nxd6+ Kd7 14. Ne4+ Kxc7 15. Qd6+ {½-½ (34) Shimanov,A (2633)-Durarbayli,V (2608) Merida 2016}) 7... Ngxe5 8. Nxe5 Nxe5 9. Nc3 {White is slightly better.} O-O 10. h4 d6 (10... g4 $16 {might work better.}) 11. hxg5 $18 Qxg5 12. Bf4 (12. Bxe5 $6 dxe5 13. Rh5 Qg4 $11) 12... Qg4 {[#]} 13. Qxg4 $146 (13. Nd5 $1 $18) ({Predecessor:} 13. Nd5 Qxd1+ 14. Rxd1 Be6 15. Nxc7 Rac8 16. Nxe6 fxe6 {1-0 (33) Gorshkov,Y (2380)-Sokolovsky,V (2061) Voronezh 2009}) 13... Bxg4 $16 14. Bxe5 Bxe5 15. Bd3 Be6 16. Bxh7+ (16. Nb5 $16) 16... Kg7 $14 17. Bd3 f5 (17... Bxc3+ $14 18. bxc3 Rh8) 18. g3 (18. Nb5 $16 Rac8 19. O-O-O (19. Nxa7 Rh8 $16)) 18... a6 (18... Bxc3+ $1 $14 19. bxc3 Rh8) 19. Kd2 b5 20. cxb5 axb5 21. a3 (21. Bxb5 Rfb8 $11) (21. Nxb5 $18 {is more deadly.} Rab8 22. Rac1 (22. Nxc7 Rxb2+ 23. Ke1 Bf7 $16)) 21... c6 22. Rag1 Rfb8 ({Black should play} 22... Rab8 $14) 23. f4 $16 {[%cal Bf2f4,Bf4f5][%mdl 32]} b4 ({Black should try} 23... Bxc3+ 24. Kxc3 Rh8) 24. axb4 ({And not} 24. fxe5 bxc3+ 25. Kxc3 Ra5 $11) 24... Bxc3+ (24... Rxb4 $142 25. fxe5 Rxb2+ 26. Bc2 Bb3) 25. Kxc3 $18 {aiming for g4!} c5 $2 {[#]} (25... Rf8 {is more resistant.} 26. e4 fxe4) 26. g4 $1 fxg4 27. f5 Bd5 28. Rxg4+ Kf6 29. Rh6+ Ke5 30. b5 Ra1 $2 (30... c4) 31. Rg7 Re8 32. b6 (32. f6 $142 Bf7 33. Rxf7) 32... c4 (32... Rc1+ $142 33. Kd2 Rh1) 33. Bc2 Ra6 34. b7 (34. f6 $142 Bf7 35. Rxf7) 34... Rb6 35. Rhh7 (35. f6 $142 {Threatening mate with f7.} Rf8 {[#]} 36. f7 $1 {[%mdl 512]} Rb3+ 37. Kd2 Rg8 38. fxg8=Q Rd3+ 39. Bxd3 c3+ 40. Kxc3 Bxg8 41. Rg5#) 35... Rb8 36. Re7+ Kf6 37. e4 Bg8 $2 (37... R6xb7 38. Rd7 Rxd7 39. Rxd7 Bg8 40. Rxd6+ Ke5) 38. Rhg7 {White is clearly winning.} Rb5 39. Rc7 {White wants to mate with Kd4.} Ke5 40. Rc8 R5xb7 41. Rgxg8 {Precision: White = 50%, Black = 11%.} 1-0

[Event "21st Alekhine FIDE 2017"]
[Site "Voronezh"]
[Date "2017.06.14"]
[Round "3"]
[White "Makushin, Aleksandr"]
[Black "Maratkanov, Evgeny"]
[Result "1/2-1/2"]
[WhiteElo "1753"]
[BlackElo "2145"]
[Annotator "TA"]
[PlyCount "80"]
[EventDate "2017.??.??"]
[EventType "swiss"]
[EventCountry "RUS"]
[SourceTitle "playchess.com"]
[Source "ChessBase"]
[SourceQuality "1"]

{[%evp 16,80,69,48,69,57,116,69,68,48,35,33,35,32,57,17,25,36,37,0,17,-59,-58,-68,-57,-70,-71,-70,-62,-66,-20,0,18,4,12,10,10,-21,34,35,35,-12,1,-28,-27,-30,-8,-145,-129,-127,-136,-134,-118,-136,-114,-122,-129,-168,-168,-162,-153,-171,-135,-192,-185,-183,-162]} 1. e4 e6 2. d4 d5 3. Nd2 dxe4 4. Nxe4 Bd7 5. Nf3 Bc6 6. Bd3 Nd7 7. O-O Ngf6 8. Nxf6+ Nxf6 9. c3 Be7 {C10: French with 3 Nc3: Unusual Black 3rd moves and 3...dxe4} (9... Bd6 10. Re1 O-O 11. h3 h6 12. Qe2 Re8 13. Ne5 Bxe5 14. Qxe5 Qd5 15. Qxd5 Nxd5 16. a3 b5 17. Bd2 {½-½ (57) Smagin,S (2551)-Pridorozhni,A (2579) Sochi 2016}) 10. Ne5 O-O (10... Qd5 $1 $14 11. Nxc6 Qxc6) 11. Nxc6 bxc6 {White is slightly better.} 12. Bg5 Qd5 $146 ({Predecessor:} 12... h6 13. Bh4 Nd5 14. Bxe7 Qxe7 15. Re1 Rab8 {0-1 (55) Trin,P (1810)-Colin,E (1934) Vaujany 2014}) 13. Bxf6 Bxf6 14. Re1 Rab8 15. Qc2 g6 16. Be4 Qb5 17. Re2 Rfd8 18. b3 (18. b4 $11) 18... c5 $15 19. dxc5 Qxc5 20. Rc1 Rb6 21. g3 Rbd6 22. Kg2 e5 23. b4 Qb6 24. Qb3 Bg5 25. Rce1 Kg7 26. h4 Bh6 (26... Bd2 $11 27. Rd1 f5) 27. c4 $14 {[%cal Bc3c4,Bc4c5][%mdl 32]} Rd2 28. a4 f5 29. c5 Qf6 30. Bb1 e4 31. Ba2 (31. Rxd2 $11 Bxd2 32. Rd1) 31... R2d3 32. Qb2 {[#]} Bd2 $1 33. Qxf6+ Kxf6 34. Rb1 Ra3 $36 {[%mdl 2048] White is under strong pressure.} 35. Rb2 Bc3 36. Rb3 Rxb3 {Black is clearly better.} 37. Bxb3 Bxb4 38. Rc2 c6 39. Kf1 (39. a5 $17) 39... Rd1+ 40. Kg2 {White wants to play Rc4.} a5 {Precision: White = 47%, Black = 55%.} 1/2-1/2

[Event "21st Alekhine FIDE 2017"]
[Site "Voronezh"]
[Date "2017.06.15"]
[Round "4"]
[White "Ponomariov, Timur"]
[Black "Kozlov, Sergej A"]
[Result "1/2-1/2"]
[WhiteElo "2196"]
[BlackElo "2072"]
[Annotator "TA"]
[PlyCount "85"]
[EventDate "2017.??.??"]
[EventType "swiss"]
[EventCountry "RUS"]
[SourceTitle "playchess.com"]
[Source "ChessBase"]
[SourceQuality "1"]

{[%evp 12,85,62,42,64,59,60,53,45,45,104,80,123,125,164,162,164,143,143,143,153,135,137,0,0,0,0,0,0,0,-4,-214,-220,-216,-205,-190,-203,-215,-204,-158,-95,-108,-107,-169,-164,-272,-152,-215,-214,-277,-270,-243,-262,-237,-148,-160,-106,-106,-98,-102,-106,-106,-106,-105,-83,-83,-19,-66,0,-4,-8,-8,0,0,0,-29988]} 1. e4 e6 2. d4 d5 3. Nd2 Nc6 4. Ngf3 Nf6 5. e5 Nd7 6. Bd3 f6 7. Ng5 Ndxe5 {C04: French Tarrasch: 3...Nc6} 8. dxe5 fxg5 9. Qh5+ Kd7 {White is slightly better.} (9... g6 10. Bxg6+ Kd7 11. c4 Nxe5 12. Bc2 Bd6 13. O-O c6 14. b4 Qe8 15. Qe2 {1-0 (42) Demchenko,A (2595)-Stupak,K (2531) St Petersburg 2015}) 10. Nf3 {[%mdl 1024] White has compensation.} h6 (10... Nb4 $14) 11. O-O Bc5 $146 ({Predecessor:} 11... Be7 12. Be3 Nb4 13. Nd4 Nxd3 14. cxd3 c5 15. Nb3 {1-0 (40) Veltkamp,G (2205)-Crouch,C (2375) Decin 1996}) 12. c4 Nb4 13. Bg6 {aiming for a3.} dxc4 14. Rd1+ Nd5 15. Be3 $1 ({Reject} 15. Qg4 $6 c6 $11) 15... Qf8 16. Bxc5 Qxc5 {[#]} 17. Nd4 ({White has to play} 17. Nxg5 $1 $16 {[%mdl 512]} c6 (17... hxg5 18. Qxh8) 18. Ne4) 17... c6 18. Bf7 Kc7 {[%cal Bd7c7,Bc7b6,Bb6a7][%mdl 32]} 19. Bxe6 Nf4 $1 {[%cal Rf4h5]} 20. Qf7+ Kb6 {Threatens to win with ...Rf8.} 21. Bxc8 $2 (21. Bxc4 $11 Rd8 22. Nb3 Rxd1+ 23. Rxd1 Qxe5 24. Qf8) 21... Raxc8 $19 22. b4 Qd5 (22... Qxe5 23. Qxc4 Rcd8 24. Nf3 $17) 23. Qxd5 cxd5 ({Don't play} 23... Nxd5 24. Nf5 $17) 24. a4 a6 25. a5+ Ka7 (25... Kc7 $142 {Hoping for ...Rhe8.} 26. b5 Rhe8) 26. b5 $17 Rhe8 27. bxa6 (27. g3 $17 Nd3 28. e6) 27... bxa6 $19 ({Resist} 27... Kxa6 28. Rdb1 $15) 28. Rab1 (28. g3 $142 Ng6 29. e6) 28... Rxe5 (28... c3 $1 $19 {[%cal Rc3c2] Strongly threatening ...c2.} 29. Rbc1 Rxe5) 29. Kf1 {[#]} (29. g3 $17 {might work better.} Ne2+ 30. Nxe2 Rxe2 31. Rxd5) 29... c3 $1 {[%cal Rc3c2] And now ...c2 would win.} 30. Rbc1 Rc4 31. g3 {[#]} Rxd4 $1 32. Rxd4 Ne2 33. Rxd5 {[#]} Nxg3+ $1 {[%mdl 512]} 34. hxg3 $17 (34. fxg3 Rxd5) 34... Rxd5 35. Rxc3 {[%mdl 4096] Endgame KR-KR} Kb7 36. Rb3+ Kc7 37. Rb6 Rxa5 38. Rg6 Re5 ({Black should play} 38... Ra1+ $17 39. Ke2 a5 40. Rxg7+ Kb6 41. Rg6+ Kb5 42. Rxh6 Ra2+ 43. Ke3 a4) 39. Rxg7+ Kd6 (39... Kb6 $15 40. f4 gxf4 41. gxf4 Rf5 42. Rg6+ Kb5) 40. Ra7 $11 {The position is equal.} a5 {White should prevent ...Rb5.} 41. Ra6+ Ke7 42. Rxh6 Ke8 43. Rh4 $2 {[%mdl 40960] Precision: White = 67%, Black = 70%. . An unexpected result.} (43. Rh7 $11) 1/2-1/2

[Event "21st Alekhine FIDE 2017"]
[Site "Voronezh"]
[Date "2017.06.15"]
[Round "4"]
[White "Provkin, Vladimir"]
[Black "Lepaev, Andrey"]
[Result "0-1"]
[WhiteElo "2163"]
[BlackElo "2059"]
[Annotator "TA"]
[PlyCount "97"]
[EventDate "2017.??.??"]
[EventType "swiss"]
[EventCountry "RUS"]
[SourceTitle "playchess.com"]
[Source "ChessBase"]
[SourceQuality "1"]

{[%evp 9,97,-30,5,-5,2,2,-8,-14,0,0,14,-10,-8,-38,21,-29,-38,-30,-22,-39,-34,-33,-28,-65,-61,-64,-32,-42,-39,-33,-27,-38,-29,-94,-95,-150,-146,-133,-142,-146,-67,-81,-70,-118,-50,-42,-37,-44,-29,-147,-103,-114,-104,-100,-34,-112,0,0,0,-29,-33,-34,-37,-34,-45,-57,0,-16,-17,-53,-16,-16,-12,-13,-12,-412,-410,-744,-733,-710,-675,-862,-816,-1621,-1621,-1621,-1621,-29994,-231,-29995]} 1. d4 Nf6 2. Bg5 Ne4 3. Bf4 d5 4. f3 Nf6 5. e4 c5 (5... e6 6. e5 Nfd7 7. Be3 c5 8. c3 Nc6 9. f4 Qb6 10. Qd2 Be7 11. Nf3 O-O 12. Bd3 f5 13. O-O a6 14. Kh1 {1-0 (36) Moiseenko,A (2657)-Tari,A (2584) Doha 2016}) 6. e5 {A45: Trompowsky Attack} Nfd7 7. c3 Nc6 8. Be3 {The position is equal.} cxd4 9. cxd4 Nb6 10. Nc3 Bf5 11. g4 Bg6 (11... Bd7 $15) 12. Nh3 {next Nf4 is good for White.} e6 13. Nf4 $146 Be7 14. Qd2 Bh4+ 15. Bf2 O-O 16. Be2 Bxf2+ 17. Kxf2 Nc4 18. Bxc4 $1 dxc4 19. Rad1 Qb6 20. Na4 Qc7 $36 {[%mdl 2048] Black has good play.} 21. Rhe1 (21. b3 $11) 21... Rad8 $17 22. d5 ({White should play} 22. Qc3) 22... exd5 23. Nxd5 Qb8 24. f4 Bd3 (24... b5 $1 $17 {[%cal Rb5a4]} 25. Nac3 Bd3) 25. Nac3 $15 b5 {And now ...b4 would win.} 26. a3 b4 (26... a5 $1 $17 27. b4 axb4 28. axb4 Nd4) 27. axb4 Nxb4 28. Nxb4 Qxb4 29. Ne4 (29. Kg3 $11) 29... Qb6+ 30. Qe3 Qxb2+ 31. Rd2 Qb6 (31... Qb4 $17 32. Nd6 a5) 32. Nd6 (32. Nc5 $15) 32... Qxe3+ ({Better is} 32... f6 $17 33. Qxb6 axb6) 33. Kxe3 $11 f6 34. Ra2 g5 35. Rxa7 gxf4+ 36. Kxf4 fxe5+ 37. Kxe5 Bg6 (37... c3 $15 38. Ra3 Bg6) 38. Rea1 c3 {Threatening ...c2.} 39. h4 Rf2 {...Re2+ is the strong threat.} 40. Ra8 Rxa8 41. Rxa8+ {[%mdl 4096] Endgame KRB-KRN} Rf8 42. Ra3 $2 {[%mdl 8192] [#]} (42. Ra1 $11 {and White has nothing to worry.}) 42... c2 $1 $19 {[%cal Rc2c1]} 43. Rc3 {[#]} (43. Ra1 $142 Rb8 44. Kf6) 43... Rf1 $1 44. Rc8+ Kg7 45. Rc7+ Kh6 46. Rc6 c1=Q 47. Nf7+ Kg7 48. h5 Kg8 $2 (48... Qe3+ {mates} 49. Kd5 Rd1+ 50. Kc4 Qd4+ 51. Kb5 Rb1+ 52. Ka6 Qa4#) 49. Rc7 $2 {Precision: White = 27%, Black = 48%.} (49. Rxc1 $19 Rxc1 50. hxg6 hxg6 51. Nd6) 0-1